Регионална библиотека "Любен Каравелов" - Русе

Основи на туризма (Запис номер 13492)

MARC детайли
000 -Лидер
Контролно поле с фиксирана дължина 01430nam a2200313 c 4500
003 - Код на организацията, давaща контролен номер
Контролно поле BLK
005 - Дата и час на последна редакция
Контролно поле 20180422094453.0
008 - Елементи от данни с фиксирана дължина
fixed length control field 180412b bul|||||r ||||||| ||bul||
010 ## - Наследен системен номер
LC control number KNG00015142000
020 ## - Международен стандартен номер на книга ISBN
Международен стандартен номер на книга ISBN 954-8706-54-7
-- издат.: Тилиа
040 ## - Източник на каталожния запис
Идентификатор на билиотеката - собственик на записа BLK
041 ## - Код за език
Код за езика на текст/звукозапис или на отделно заглавие Български
Код за езика КДБФ Български
080 ## - УДК
Текстов определител УДК Туризмът от стопанско гледище. Политика по отношение на туризма. Икономика и организация на туризма. Вътрешен и международен туризъм. Вж и 379.8
УДК код - определител по УДК 338.48
УДК определител (075)
УДК - код + определител 338.48(075)
100 1# - Редна дума - Автор
Автор Бъчваров, Марин Петров
Авторска отговорност първи автор
R(LIN) 364621
139 ## - Редно поле
Редна дума Бъчваров, Марин Петров и др.
Авторски знак Бъч - Б 94
245 10 - Сведения за заглавието
Заглавие Основи на туризма
Подзаглавни данни Уч. помагало
Редно поле (дума) Марин Петров Бъчваров; съавт. Цветан Василев Тончев.
257 ## - Страна на издаване
Страна на създаване/издаване България
260 ## - Област на издателските данни
-- София
Име на издателя, разпространителя и проч. Тилиа
Година на издаване 1996
300 ## - Физическа характеристика
Страници 136 с.
Илюстрации и др. със сх., табл.
Размери/Мащаб 24 см
380 ## - Жанр
Жанр Обществени науки
500 ## - Общи забележки
Забележка 5 000 тир. СПЕЦ. ФОНД - Ч
650 #4 - Допълнително описание по предмет – тема
Основно описание – тема или топоним Стопански туризъм - учебни помагала
9 (RLIN) 258399
700 1# - Други автори (авторска отговорност)
Лично име Тончев, Цветан Василев
Автороска отговорност (Описва отношението между автора и произведението) съавт.
9 (RLIN) 364726
852 ## - Местоположение
Форматна сигнатура Цб 191013
856 4# - Електронен адрес и достъп
Електронен формат pdf - файл
Път до файла /url/
856 4# - Електронен адрес и достъп
Електронен формат pdf - файл
Път до файла /url/
942 ## - АРТИКУЛИ
Вид на библиотечния материал Книги
Скрит в OPAC Не
944 ## - СЪЗДАВАНЕ И РЕДАКЦИЯ на ЗАПИСА
Създаване/Редакция Създаване
Дата на регистрацията/редакция 15.01.2003
Служител, извършил регистрацията/редакцията Кети_Илиева
944 ## - СЪЗДАВАНЕ И РЕДАКЦИЯ на ЗАПИСА
Създаване/Редакция Редакция
Дата на регистрацията/редакция 20.12.2005
Служител, извършил регистрацията/редакцията
999 ## - СИСТЕМНИ КОНТРОЛНИ НОМЕРА
Koha biblionumber 13492
Koha biblioitemnumber 13492
Наличности
Код за отписване Код за изгубен артикул Източник на класификационната схема Код за повреда Коз за рестрикции Код за отдаване Артикулен № Име на библиотеката - собственик Име на библиотеката, в която се намира в момента Статус (Текущо местоположение) Дата на вписване в системата Местоположение - отдел Цена в лева Инвентарен номер Систематично азбучна сигнатура Баркод Номер на екземпляра Цена в евро Служебен тип на артикула Служебна бележка
  Не е изгубен Universal Decimal Classification Не е повреден без рестрикции ползва се в читалня 23196 Регионална библиотека "Любен Каравелов" Русе Регионална библиотека "Любен Каравелов" Русе Хранилище 2001-01-01 Хранилище 0.00 628206 Цб 191013 120000628206 1 0.00 Книги  
  Не е изгубен Universal Decimal Classification Не е повреден без рестрикции ползва се в читалня 23197 Регионална библиотека "Любен Каравелов" Русе Регионална библиотека "Любен Каравелов" Русе Читалня 2001-01-01 Читалня 4.00 660869 Ч 338.4/Б 94 120000660869 2 2.05 Книги Дата инв: 23.03.2017 Бележки инв: Ч2017
Vip Innovations Ltd, Rousse, Bulgaria 2025